00209nam a2200085Ia 4500008004100000245003200041260002200073440000600095521002200101140130s9999 xx 000 0 und d cWooding, ChrisaStorm thief bScholastic,c2006 v1 aGrade 4 - Grade 7